00627nam a2200181Ia 4500003000900000008004100009020001400050040001600064080002100080245017000101260003900271300001000310650001400320650004100334650001700375700002600392700002700418IN-BaIIA211028s9999 xx 000 0 eng d a0147-2003 cIIA Library a52(082.2)bSRC-3 0aProceedings of the southwest regional conference for astronomy and astrophysics held at Austin, Texas, May 23 1977; vol.cedited by Preston F Gott and Paul S Rihard aTexasbTexas Tech Universityc1977 a196p. aAstronomy aAstronomy and astrophysics thesaurus aAstrophysics aGott, Preston F., ed. aRihard, Paul S., ed.